Daughters of Arabia

Bibliographic Details
Main Author: Sasson,Jean
Format: Book
Published: New York : Bantam Books , 2004
Subjects:

MARC

LEADER 00000cam a2200000 7i4500
001 0000008139
005 20150201.0
008 070911
020 |a 0553816934 
020 |a 9780553816938 
090 0 0 |a SAS   |b ENG 
100 1 |a Sasson,Jean 
245 1 0 |a Daughters of Arabia   |c Jean Sasson 
260 |a New York :   |b Bantam Books ,   |c 2004 
500 |a Novel 
650 0 |a English fiction 
650 0 |a English   |x Languages 
999 |a 0000992217   |b Book   |c Adult Collection   |e Perbadanan Perpustakaan Awam Johor 
999 |a 0000992227   |b Book   |c Adult Collection   |e Perbadanan Perpustakaan Awam Johor 
999 |a 0001347076   |b Book   |c Adult Collection   |e Cawangan AEON Kulaijaya